Statistics for Highest White Population

Click here to take the quiz!

General Stats

  • This quiz has been taken 83 times
  • The average score is 8 of 10

Answer Stats

PopulationCountry% Correct
234,000,000United States
99%
27,000,000Canada
94%
90,000,000Brazil
92%
31,000,000Argentina
88%
17,800,000Australia
88%
23,000,000Mexico
86%
10,000,000Chile
78%
18,000,000Colombia
77%
4,700,000South Africa
71%
13,000,000Venezuela
64%

Score Distribution

Percentile by Number Answered

Percent of People with Each Score

Your Score History

You have not taken this quiz